Sports Quiz

Random Sports or NBA Quiz

Highsest NBA Contracts Quiz Stats

Quiz not verified by Sporcle

Challenge
Share
Tweet
Embed
Score 0/27 Timer 05:00
0 Plays Today
Contract Player % Correct
5 years (2016-2021) $145,000,000Anthony Davis
94.9%
7 years (2004-2011) $136,400,000Kobe Bryant
94.9%
7 years (2003-2010) $126,558,000Jermaine O'Neal
86.5%
7 years (1996-2003) $120,000,000Shaquille O'Neal
86.5%
6 years (2010-2016) $109,837,500LeBron James
86.5%
5 years (2005-2010) $100,000,000Shaquille O'Neal
86.5%
5 years (2014-2019) $124,064,280Carmelo Anthony
85.4%
6 years (1999-2005) $126,000,000Kevin Garnett
84.8%
5 years (2004-2009) $100,000,000Kevin Garnett
84.8%
6 years (2010-2016) $107,186,000Dwayne Wade
83.1%
5 years (2014-2019) $118,000,000Chris Bosh
82%
6 years (2010-2016) $109,837,500Chris Bosh
82%
5 years (2015-2020) $113,211,750Kevin Love
81.5%
5 years (2013-2018) $107,343,478Chris Paul
80.9%
Contract Player % Correct
5 years (2015-2020) $113,211,750Marc Gasol
78.7%
7 years (2003-2010) $122,007,704Tim Duncan
77.5%
5 years (2016-2021) $120,000,000Damian Lillard
76.4%
7 years (1996-2003) $105,375,000Juwan Howard
75.8%
6 years (2003-2009) $103,572,000Jason Kidd
74.2%
6 years (2010-2016) $123,658,089Joe Johnson
65.7%
7 years (2001-2008) $122,718,750Chris Webber
65.2%
6 years (2008-2014) $111,000,000Gilbert Arenas
64%
7 years (1996-2003) $105,000,000Alonzo Mourning
61.2%
6 years (2007-2013) $126,000,000Rashard Lewis
51.7%
6 years (2001-2007) $100,000,000Allan Houston
42.1%
7 years (2001-2008) $102,265,625Michael Finley
35.4%
7 years (1997-2004) $107,000,000Shawn Kemp
21.9%

You're not logged in!

Compare scores with friends on all Sporcle quizzes.
Join for Free
OR
Log In

You Might Also Like...

Show Comments

Extras

Top Quizzes Today


Score Distribution

Your Account Isn't Verified!

In order to create a playlist on Sporcle, you need to verify the email address you used during registration. Go to your Sporcle Settings to finish the process.

Report this User

Report this user for behavior that violates our Community Guidelines.

Details: